| 000 | 00542nam a2200193 a 4500 | ||
|---|---|---|---|
| 005 | 20240803063802.0 | ||
| 008 | 090810s1983 mx r 000 0 spa d | ||
| 020 | _a8426105300 | ||
| 035 | _aUPN01000171789 | ||
| 049 | _aCG | ||
| 050 | 4 |
_aPQ6621 I3.3 _bE8.7 1983 |
|
| 100 | 1 |
_aLinares, Luisa-María _933335 |
|
| 245 | 1 | 0 |
_aEsta semana me llamo Cleopatra : _bnovela / _cLuisa-María Linares. |
| 250 | _a7a ed. | ||
| 260 |
_aBarcelona, Esp. : _bJuventud, _c1983. |
||
| 300 | _a239 p. | ||
| 650 | 4 |
_aNovela española _910814 |
|
| 905 | _aLibro | ||
| 999 |
_c143893 _d143893 |
||